Medicine and modernity : public health and medical care in nineteenth- and twentieth-century Germany

Αποθηκεύτηκε σε:
Λεπτομέρειες βιβλιογραφικής εγγραφής
Άλλοι συγγραφείς: Berg, Manfred 1959- (Επιμελητής έκδοσης), Cocks, Geoffrey 1948- (Επιμελητής έκδοσης)
Μορφή: Βιβλίο
Γλώσσα:English
Δημοσίευση: Washington, D.C. : Cambridge : German Historical Institute, Cambridge University Press, 1997
Σειρά:Publications of the German Historical Institute
Θέματα:
Ετικέτες: Προσθήκη ετικέτας
Δεν υπάρχουν, Καταχωρήστε ετικέτα πρώτοι!

MARC

LEADER 00000nam a2200000 i 4500
001 1/78167
008 080320s1997 eng d
020 |a 0-521-56411-5 (hbk.) 
035 |l 10095664 
040 |a GR-MY-UA  |b gre  |e aacr 
041 0 |a eng 
082 0 |a 362.10943  |2 (22) 
245 1 0 |a Medicine and modernity :  |b public health and medical care in nineteenth- and twentieth-century Germany /  |c edited by Manfred Berg and Geoffrey Cocks 
260 |a Washington, D.C. :   |a Cambridge :   |b German Historical Institute,   |b Cambridge University Press,   |c 1997 
300 |a vii, 242 σ.;  |c 24 εκ. 
490 1 |a Publications of the German Historical Institute 
504 |a Περιέχει βιβλιογραφικές παραπομπές και ευρετήριο 
650 0 0 |a Social medicine  |z Germany  |x History  |y 19th century. 
650 0 0 |a Social medicine  |z Germany  |x History  |y 20th century. 
650 0 0 |a Medical policy  |z Germany  |x History  |y 19th century. 
650 0 0 |a Medical policy  |z Germany  |x History  |y 20th century. 
650 0 0 |a National health services  |z Germany  |x History  |y 19th century. 
650 0 0 |a National health services  |z Germany  |x History  |x 20th century. 
700 1 |a Berg, Manfred  |d 1959-  |4 edt 
700 1 |a Cocks, Geoffrey  |d 1948-  |4 edt 
830 0 |a Publications of the German Historical Institute 
852 |a INST  |b LESVOS  |e 20080320  |h 362.10943 MED  |p 005100039408  |q 005100039408  |t BK  |y 0 
901 |a BIBL1-2008-1 
909 |a Λ  |b 143132 
922 |a 1ΕΛΗ  |b 200712  |c ΕΠΕΑΕΚ2/ΤΚΑ  |d ΠΑΠΑΣΩΤΗΡΙΟΥ 
970 |a ΚΑΡΑ  |b ΓΙΑΣΕΜΗ  |z 2008/03/20